Le pouvoir du roi d'Égypte d'après la spiritualité pharaonique : 2778-1085 av. J.-C. /

L'histoire sociopolitique et religieuse de l'Egypte pharaonique mentionne l'existence de trois clergés : celui du dieu Ptah, celui du dieu Rê et celui du dieu Amon. Ces clergés étant directement rattachés au palais royal en Egypte ancienne, l'analyse des signes constitutifs des n...

وصف كامل

محفوظ في:

المؤلف الرئيسي: Mombo, Michel-Alain (مؤلف)

التنسيق: كتاب

اللغة: French

منشور في: Paris : L'Harmattan Editions Distribution, 2013.

سلاسل: Collection IREA.

الموضوعات:

الوسوم: إضافة وسم

لا توجد وسوم, كن أول من يضع وسما على هذه التسجيلة!

رقم الطلب: DT68.3 .M66 2013

LEADER 01502namaa2200289 4500
001 24114
003 OSt
005 20220302122806.0
008 130303s2013 fr a g b 000 0 fre d
952 |0 0  |1 0  |2 lcc  |4 0  |6 DT00683 M66 02013  |7 1  |9 38067  |a ARCE  |b ARCE  |d 2022-03-02  |l 0  |o DT68.3 .M66 2013  |p 1008967  |r 2022-03-02 00:00:00  |w 2022-03-02  |y BK 
999 |c 21015  |d 21015 
020 |a 9782343005188 
040 |c ARCE Library 
043 |a f-ua--- 
050 4 |a DT68.3 .M66 2013 
100 1 |a Mombo, Michel-Alain,   |e author  |9 36125 
245 1 3 |a Le pouvoir du roi d'Égypte d'après la spiritualité pharaonique :   |b 2778-1085 av. J.-C. /   |c Michel-Alain Mombo. 
264 1 |a Paris :   |b L'Harmattan Editions Distribution,   |c 2013. 
300 |a 100 pages :   |b illustrations ;   |c 22 cm. 
490 1 |a Collection IREA. 
520 |a L'histoire sociopolitique et religieuse de l'Egypte pharaonique mentionne l'existence de trois clergés : celui du dieu Ptah, celui du dieu Rê et celui du dieu Amon. Ces clergés étant directement rattachés au palais royal en Egypte ancienne, l'analyse des signes constitutifs des noms des dieux permet de comprendre, sous un autre angle, le règne de Pharaon. Pour véritablement régner, Pharaon doit s'approprier les qualités des dieux qu'il représente sur le trône d'Egypte. 
650 0 |a Pharaohs  |x Religious aspects. 
651 0 |a Egypt   |x Politics and government   |y To 332 B.C. 
651 0 |a Egypt   |x Religion. 
830 0 |a Collection IREA. 
901 |a reviewed 
942 |c BK  |2 lcc